<?xml version="1.0" encoding="UTF-8"?>
<record
    xmlns:xsi="http://www.w3.org/2001/XMLSchema-instance"
    xsi:schemaLocation="http://www.loc.gov/MARC21/slim http://www.loc.gov/standards/marcxml/schema/MARC21slim.xsd"
    xmlns="http://www.loc.gov/MARC21/slim">

  <leader>02001nam a2200217 a 4500</leader>
  <controlfield tag="005">20150108121635.0</controlfield>
  <controlfield tag="008">140217b2008    ck ||||| |||| 00| 0 spa d</controlfield>
  <datafield tag="040" ind1=" " ind2=" ">
    <subfield code="a">CO-BoIAVH</subfield>
    <subfield code="c">CO-BoIAVH</subfield>
  </datafield>
  <datafield tag="041" ind1=" " ind2=" ">
    <subfield code="a">spa</subfield>
  </datafield>
  <datafield tag="044" ind1=" " ind2=" ">
    <subfield code="a">ck</subfield>
  </datafield>
  <datafield tag="090" ind1=" " ind2=" ">
    <subfield code="a">IAVH</subfield>
    <subfield code="b">01322</subfield>
  </datafield>
  <datafield tag="245" ind1=" " ind2=" ">
    <subfield code="a">Convenio interadministrativo de Cooperaci&#xF3;n t&#xE9;cnica, cient&#xED;fica y financiera No.184/07 Ministerio de ambiente Vivienda y Desarrollo territorial - Instituto de Investigaci&#xF3;n de Recursos Biol&#xF3;gicos Alexander von Humboldt</subfield>
    <subfield code="b">Informe final</subfield>
  </datafield>
  <datafield tag="260" ind1=" " ind2=" ">
    <subfield code="a">Bogot&#xE1;</subfield>
    <subfield code="b">IAVH</subfield>
    <subfield code="b">Minambiente. Direcci&#xF3;n de ecosistemas</subfield>
    <subfield code="c">2008</subfield>
  </datafield>
  <datafield tag="300" ind1=" " ind2=" ">
    <subfield code="a">388 p.</subfield>
    <subfield code="c">28 cm.</subfield>
  </datafield>
  <datafield tag="505" ind1=" " ind2=" ">
    <subfield code="a">Informe final t&#xE9;cnico. --Propuesta conceptual y metodol&#xF3;gica para los foros regionales convenio: Desarrollo de capacidades para implementar en Colombia protocolo  de bioseguridad / Camila Cammaert -- Encadenamiento de los componentes econ&#xF3;micos, socioculturales y ambientales y de biodiversidad relacionados con la entrada de ma&#xED;ces con tecnolog&#xED;a transg&#xE9;nica / Sonia Guzm&#xE1;n V. -- Recomendaciones y conclusiones de los Foros regionales de divulgaci&#xF3;n marco normativo, instrumentos y procedimientos para el manejo y control ambiental de OGM /Camila Cammaert, Nancy Molano -- Propuesta de elementos ambientales, consideraciones socioecon&#xF3;micas y participaci&#xF3;n comunitaria para la evaluaci&#xF3;n de solicitudes de OVM para uso ambiental  / Luis Francisco Camargo -- Esquema y elementos fundamentales para la evaluaci&#xF3;n, seguimiento y monitoreo ambiental de OVM producto de nuevas tecnolog&#xED;as / Luis F. Camargo -- Propuesta de gu&#xED;a t&#xE9;cnica para realizar la evaluaci&#xF3;n, monitoreo y seguimiento ambiental de actividades con OVM incluidos dentro del Protocolo de Cartagena /Luis F. Camargo --Detecci&#xF3;n de organismos geneticamente modificados / Lindamar Camacho M.</subfield>
  </datafield>
  <datafield tag="650" ind1=" " ind2="4">
    <subfield code="a">Bioseguridad</subfield>
    <subfield code="9">31097</subfield>
  </datafield>
  <datafield tag="650" ind1=" " ind2="4">
    <subfield code="a">Sector ambiental</subfield>
    <subfield code="9">27401</subfield>
  </datafield>
  <datafield tag="650" ind1=" " ind2="4">
    <subfield code="a">Investigaci&#xF3;n</subfield>
    <subfield code="x">capacidades</subfield>
    <subfield code="9">31098</subfield>
  </datafield>
  <datafield tag="650" ind1=" " ind2="4">
    <subfield code="a">Protocolo de Cartagena</subfield>
    <subfield code="x">Bioseguridad</subfield>
    <subfield code="9">31099</subfield>
  </datafield>
  <datafield tag="942" ind1=" " ind2=" ">
    <subfield code="c">INFORME</subfield>
    <subfield code="2">z</subfield>
  </datafield>
  <datafield tag="999" ind1=" " ind2=" ">
    <subfield code="c">6860</subfield>
    <subfield code="d">6860</subfield>
  </datafield>
  <datafield tag="952" ind1=" " ind2=" ">
    <subfield code="0">0</subfield>
    <subfield code="1">0</subfield>
    <subfield code="2">z</subfield>
    <subfield code="4">0</subfield>
    <subfield code="7">0</subfield>
    <subfield code="8">HUMBOLDT</subfield>
    <subfield code="I">INV2017</subfield>
    <subfield code="a">Bogota</subfield>
    <subfield code="b">Bogota</subfield>
    <subfield code="d">0000-00-00</subfield>
    <subfield code="l">0</subfield>
    <subfield code="o">IAVH-01322</subfield>
    <subfield code="p">026915</subfield>
    <subfield code="r">2024-08-09 00:00:00</subfield>
    <subfield code="t">Ej. 1</subfield>
    <subfield code="w">2012-12-04</subfield>
    <subfield code="x">Dep&#xF3;sito Institucional</subfield>
    <subfield code="y">INFORME</subfield>
  </datafield>
</record>
